00760nam a22002297a 450000500170000001000110001702000100002803500110003803700160004904000120006508200160007710000330009324500790012626000520020527000380025730000220029565000190031765000290033694200250036599900190039095201210040920170124105932.0 a769536 c00.00 a769536 bCen Lib/Ret aDPLbEN a230.35bGOK aGokak, Vinayak Krishna98536 aBhgavan shri satya sai baba :cby Vinayak Krishna Gokakban introduction / aNew DelhibAbhinav Publuication New Delhic1975 aE-37 Haus KhazbNew Delhie110016 ax;308p.c17cm(Hb) aHinduism98537 aReligion- Hinduism98538 2ddccENh230.35mGOK c123920d123920 00104070aLbLd2015-06-12eCen Lib/Retg0.00l0o230.35 GOKp769536r2015-06-12 00:00:00t1v0.00w2016-09-15yEN